000 00599nam a2200229Ia 4500
005 20250508152814.0
008 008 250505s9999 xx 000 0 eng d
037 _aTextual
040 _aFEDL
_beng
_cFEDL
041 _aeng
_2eng
084 _a020, BRO
_qFEDL
100 _aBrown James Duff
245 0 _aManual of library economy
250 _a7
260 _aLondon, UK
_bGrafton and Co.
_c1961
300 _axii,307p
365 _aINR
_b50.4
650 _aLibrary science
700 _a Lock R. Northwood
_9762423
942 _cTEXL
_h020, BRO
999 _c1338860
_d1338860